000 00342 a2200133 4500
001 88436
082 _aPR 651
090 _c41861
_d41861
100 _aAzhar H Jawed
245 _aBomb Tail Unit design for low level bombing
260 _aKarachi
_bUniversity of Karachi
_c1970
300 _a140p.
500 _aBE Project Reports
942 _aUniversity of Karachi
_kPR 651
999 _c323509
_d323509